| 000 | 00563nam a2200169 a 4500 | ||
|---|---|---|---|
| 001 | 000047604 | ||
| 005 | 20201002060631.0 | ||
| 008 | 180704s2017 dr a 000 spa d | ||
| 020 | _a9789945168587 | ||
| 040 |
_aDO-SdBNP _bspa _cBNPHU |
||
| 082 |
_axxx _cP477g |
||
| 100 | 1 |
_aPetrozziello, Allison J. _963193 |
|
| 245 | 0 |
_aGénero y el riesgo de apatridia para la población de ascendencia Haitiana en los bateyes... / _cAllison J. Petrozziello. |
|
| 260 |
_aSanto Domingo : _bBúho, _c2017. |
||
| 300 |
_a218 p. : _bil ; _c26 cm. |
||
| 590 | _aInventariado, 2018/DG | ||
| 999 |
_c47092 _d47092 |
||